Algebry psevdodifferencial'nych operatorov

Saved in:
Bibliographic Details
Format: Book
Language:Russian
Published: Moskva Nauka 1986
Edition:1. izd.
Tags: Add Tag
No Tags, Be the first to tag this record!

MARC

LEADER 00000nam a2200000 4500
001 c037841
005 20250820075825.7
041 0 |a rus 
044 |a RU 
245 1 0 |a Algebry psevdodifferencial'nych operatorov  |c Boris Aleksejevič Plamenevskij 
250 |a 1. izd. 
264 1 |a Moskva  |b Nauka  |c 1986 
300 |a 255 s.